Wissenschaftliche Zeitschrift Beiträge aus Forschung und Lehre

Salvato in:
Dettagli Bibliografici
Natura: Periodico
Lingua:tedesco
Pubblicazione: Berlin Hochschule für Ökonomie 1991
Tags: Aggiungi Tag
Nessun Tag, puoi essere il primo ad aggiungerne!!

MARC

LEADER 00000nas2a2200000 4500
001 s015377
005 20250825073616.5
022 |a 0323-3545 
041 0 |a ger 
044 |a DE 
245 1 0 |a Wissenschaftliche Zeitschrift  |b Beiträge aus Forschung und Lehre 
264 1 |a Berlin  |b Hochschule für Ökonomie  |c 1991 
300 |a 1 zv.